[Event "Quebec Montcalm op 5th"]
[Site "Quebec"]
[Date "2006.02.23"]
[Round "2"]
[White "Caron, Sebastien"]
[Black "Gagnon Paradis, Ulysse"]
[Result "1-0"]
[WhiteElo "1920"]
[BlackElo "1460"]
[PlyCount "30"]
[EventDate "2006.02.16"]
[EventType "swiss"]
[EventRounds "5"]
[EventCountry "CAN"]
[SourceTitle "EXT 2007"]
[Source "ChessBase"]
[SourceDate "2006.11.23"]
[SourceVersion "1"]
[SourceVersionDate "2006.11.23"]
[SourceQuality "1"]

1. e4 c5 2. Nf3 e6 3. d4 cxd4 4. Nxd4 Nc6 5. Be2 d5 6. exd5 exd5 7. Bf4 Nxd4 8. Qxd4 Nf6 9. Nc3 Be7 10. Nb5 Qa5+ 11. c3 0-0 12. Bc7 b6 13. a4 Bc5 14. Qxc5 bxc5 15. Bxa5 Re8 1-0